| 000 | 00418nam a2200121Ia 4500 | ||
|---|---|---|---|
| 008 | 220204s9999 xx 000 0 und d | ||
| 020 | _a8171771483 | ||
| 082 |
_a347.772 _bNAR |
||
| 100 | _aNarayanan, P | ||
| 245 | 0 | _aLaw of trade marks and passing off : Covering full text of the trade marks act, 1999 and the trade marks rules, 2002. (Supplement to 5th ed) | |
| 260 |
_aKolkata _bEastern Law House _c2002 |
||
| 942 | _cBK | ||
| 999 |
_c42077 _d42077 |
||